Language Quiz

Random Language or Letter Quiz

Taking a 'P' Quiz Stats

 Plays Quiz Updated Jul 14, 2018

Score 0/22 Timer 06:00
4 Plays Today
Definition 1 (Begins with 'P') Answer % Correct
Lacking in colorPale → Ale
96.6%
Clothing for the lower halfPants → Ants
93.4%
An item's monetary valuePrice → Rice
89.7%
A communication devicePhone → Hone
88.8%
Tectonic subdivisionPlate → Late
88.3%
Powerful American felinePuma → Uma
81.7%
To toss a ballPitch → Itch
81.2%
Deliver a sermonPreach → Reach
80.8%
A wrapped gift, perhapsPresent → Resent
80.7%
Neaten one's eyebrowsPluck → Luck
80.2%
A worker in clayPotter → Otter
78.8%
Definition 1 (Begins with 'P') Answer % Correct
Professional pipe-fitterPlumber → Lumber
74.5%
A gag or shenaniganPrank → Rank
74.4%
Have a bias towardsPrefer → Refer
68.2%
Laud or acclaimPraise → Raise
65.3%
Something soft for cushioningPadding → Adding
64.1%
A post-season gamePlayoff → Layoff
62.4%
Chubby or fleshyPlump → Lump
55.8%
Looking sulkyPouting → Outing
51.2%
A tiny amountParticle → Article
48.7%
Not a neutral partyPartisan → Artisan
47.5%
Having a spotty complexionPimply → Imply
38.7%

You're not logged in!

Compare scores with friends on all Sporcle quizzes.
OR
Log In

Sporcle TV

Today on Sporcle TV


Watch our educational content, quiz creation guides, and fun videos on Sporcle TV.

Show Comments

Extras

Top Quizzes Today


Score Distribution

Your Account Isn't Verified!

In order to create a playlist on Sporcle, you need to verify the email address you used during registration. Go to your Sporcle Settings to finish the process.

Report this User

Report this user for behavior that violates our Community Guidelines.

Details: